Ahorro de energía
Sparad:
| Huvudupphovsmän: | , |
|---|---|
| Materialtyp: | Bok |
| Språk: | spanska |
| Publicerad: |
Madrid
Blume
1983
|
| Serie: | Manuales AJ
|
| Ämnen: | |
| Taggar: |
Lägg till en tagg
Inga taggar, Lägg till första taggen!
|
MARC
| LEADER | 00000nam a2200000 a 4500 | ||
|---|---|---|---|
| 001 | UCW2250 | ||
| 003 | CL-VaPUC | ||
| 008 | 930813e19830000SP |||||||||||||||||spa|d | ||
| 082 | 0 | 4 | |a 621.47 |b BUR |2 21 |
| 100 | 0 | |a Burberry, Peter |e author |9 306224 | |
| 700 | 0 | |a Aldersey-Williams, Arthur |e author |9 306225 | |
| 245 | 1 | 0 | |a Ahorro de energía |
| 300 | |a 170 p | ||
| 942 | |c BK | ||
| 945 | |d 19930813 00:00:00 | ||
| 260 | |a Madrid |b Blume |c 1983 | ||
| 650 | 0 | |a Recursos energéticos |9 263206 | |
| 650 | 7 | |a ENERGIA SOLAR |2 CL-VaPUC |9 306226 | |
| 650 | 0 | |a Viviendas |x Calefacción solar |9 266661 | |
| 650 | 7 | |a MAQUINAS SOLARES |2 CL-VaPUC |9 260537 | |
| 583 | |a last modification |c 19930813 00:00:00 |k Rodrigo Vera | ||
| 490 | 0 | |a Manuales AJ | |
| 999 | |c 216839 |d 216837 | ||
| 952 | |0 0 |1 0 |4 0 |6 621_470000000000000_BUR_1983 |7 0 |8 A |9 203174 |a BIBMEC |b BIBMEC |d 2019-11-15 |i 2703882 |o 621.47 BUR 1983 |p 2703882 |r 2024-01-19 |w 2019-11-15 |y BK |k MEC | ||